| 000 | 01035nam a2200121Ia 4500 | ||
|---|---|---|---|
| 008 | 220615s9999||||xx |||||||||||||| ||und|| | ||
| 100 | _aStępka, Maciej | ||
| 245 | 0 |
_aIdentifying Security Logics in the EU Policy Discourse _bThe "Migration Crisis" and the EU |
|
| 546 | _aEnglish[eng] | ||
| 650 | _aOpen access||Migration crisis in the EU||Increased migratory movements in the EU||Refugee crisis in the EU||Immigration crisis in the EU||Securitization theory||Securitization of migration in the EU||Migration and security in the EU||EU security discourses||Policy discourse on migration||EU institutional discourses on migration||EU border security||EU migration policy||EU security logics||Migration and humanitarianism in the EU||Human security and migration in the EU||Migration and resilience in the EU||Migration and risk management in the EU||Policy and security framing||EU institutions and securitization of migration | ||
| 856 | _uhttps://library.oapen.org/bitstream/20.500.12657/52851/1/978-3-030-93035-6.pdf | ||
| 942 | _cEB | ||
| 999 |
_c17192 _d17192 |
||